| 000 | 00508cam a22001932 4500 | ||
|---|---|---|---|
| 001 | 0000000386 | ||
| 005 | 20151217155800.0 | ||
| 008 | 070126s xx 000 0 eng d | ||
| 020 | _cKES | ||
| 040 |
_aKABU _cKABU |
||
| 050 | 0 |
_aBL2400 _b.A37 |
|
| 245 | 1 | 0 |
_aAfrican ideas of God : _ba sympsium. |
| 260 |
_aLondon : _bEdiuburgh House Press, _c1950. |
||
| 300 | _aix, 308 p. | ||
| 650 | 0 |
_aGod. _@0000148536 |
|
| 908 | _a070126 | ||
| 950 | _@1 | ||
| 999 |
_c12302 _d12302 |
||